Statistics for Thor: Ragnarok Quiz (SPOILERS)

Click here to take the quiz!

General Stats

  • This quiz has been taken 24 times
  • The average score is 11 of 17

Answer Stats

ActorRole% Correct
Mark RuffaloBruce Banner/Hulk
100%
Tom HiddlestonLoki
100%
Chris HemsworthThor
100%
Cate BlanchettHela
94%
Tessa ThompsonValkyrie
89%
Idris ElbaHeimdall
78%
Anthony HopkinsOdin
78%
Benedict CumberbathStephen Strange/Doctor Strange
72%
Jeff GoldblumGrandmaster
67%
Taika WaititiKorg
67%
Stephen MurdochMiek
56%
Karl UrbanSkurge/Executioner
44%
Zachary LeviFandral
39%
Tadanobu AsanoHogun
39%
Ray StevensonVolstagg
39%
Clancy BrownSurtur
33%
Rachel HouseTopaz
22%

Score Distribution

Percentile by Number Answered

Percent of People with Each Score

Your Score History

You have not taken this quiz